Countries With the Most Bicycles - Statistics

General Stats
  • This quiz has been taken 36 times
  • The average score is 18 of 23
Answer Stats
Type # Country % Correct
Total Number 100,000,000 U.S.A.
97%
Total Number 500,000,000 China
94%
Total Number 62,000,000 Germany
91%
Total Number 16,500,000 Netherlands
91%
Total Number 23,000,000 France
89%
Per Capita 0.48 Belgium
86%
Total Number 24,000,000 Italy
86%
Total Number 32,000,000 Russia
86%
Per Capita 0.81 Denmark
83%
Total Number 32,000,000 India
83%
Per Capita 0.64 Sweden
83%
Total Number 20,000,000 U.K.
83%
Total Number 42,000,000 Brazil
80%
Total Number 22,000,000 Indonesia
80%
Total Number 72,540,000 Japan
80%
Total Number 11,500,000 Spain
80%
Per Capita 0.61 Norway
77%
Total Number 11,600,000 Canada
74%
Per Capita 0.60 Finland
71%
Per Capita 0.49 Switzerland
69%
Per Capita 0.45 Austria
66%
Per Capita 0.42 Czechia
63%
Per Capita 0.45 Slovenia
49%
No matching quizzes found
Score Distribution
Percent of People with Each Score
Percentile by Number Answered
Your Score History
You have not taken this quiz